000 00308nam a22001337a 4500
008 170411b xxu||||| |||| 00| 0 eng d
020 _a0314579362
041 _aeng
080 _a612.39
100 _a10
101 _aSHM
245 _aADVANCED NUTRITION AND HUMAN METABOLISM
_cHUNT, S.M
942 _2udc
_cBK
999 _c10442
_d10442